Les clubs français en compétition européenne - Statistiques

Statistiques générales
  • Ce quiz a été pris 341 fois
  • Le résultat moyen est 75 sur 92
Statistiques - réponses
Compétition Réponse Participation % Correct
Ligue des Champions Olympique de Marseille 16
100%
Ligue Europa Olympique de Marseille 12
100%
Coupe des Coupes Olympique de Marseille 3
100%
Coupe des Villes de Foires Olympique de Marseille 1
100%
Coupe Intertoto Olympique de Marseille 4
100%
Ligue des Champions Olympique Lyonnais 16
100%
Ligue Europa Olympique Lyonnais 13
100%
Coupe des Coupes Olympique Lyonnais 4
100%
Coupe des Villes de Foires Olympique Lyonnais 3
100%
Coupe Intertoto Olympique Lyonnais 1
100%
Ligue des Champions Paris Saint-Germain 17
100%
Ligue Europa Paris Saint-Germain 9
100%
Coupe des Coupes Paris Saint-Germain 6
100%
Coupe Intertoto Paris Saint-Germain 1
100%
Ligue Europa Lille LOSC 6
99%
Ligue Conférence Lille LOSC 1
99%
Coupe Intertoto Lille LOSC 3
99%
Ligue des Champions Lille OSC 7
99%
Ligue des Champions Stade Rennais 1
97%
Ligue Europa Stade Rennais 7
97%
Ligue Conférence Stade Rennais 1
97%
Coupe des Coupes Stade Rennais 2
97%
Coupe Intertoto Stade Rennais 4
97%
Ligue des Champions AS Saint-Etienne 10
96%
Ligue Europa AS Saint-Etienne 9
96%
Coupe des Coupes AS Saint-Etienne 2
96%
Coupe Intertoto AS Saint-Etienne 5
96%
Ligue des Champions AS Monaco 14
95%
Ligue Europa AS Monaco 12
95%
Coupe des Coupes AS Monaco 6
95%
Ligue des Champions Girondins de Bordeaux 7
95%
Ligue Europa Girondins de Bordeaux 18
95%
Coupe des Coupes Girondins de Bordeaux 2
95%
Coupe des Villes de Foires Girondins de Bordeaux 3
95%
Coupe Intertoto Girondins de Bordeaux 2
95%
Ligue des Champions RC Lens 3
95%
Ligue Europa RC Lens 9
95%
Coupe des Coupes RC Lens 1
95%
Coupe Intertoto RC Lens 3
95%
Ligue des Champions FC Nantes 8
94%
Ligue Europa FC Nantes 11
94%
Coupe des Coupes FC Nantes 2
94%
Coupe Intertoto FC Nantes 3
94%
Ligue Europa Toulouse FC 5
93%
Coupe des Villes de Foires Toulouse FC 1
93%
Ligue des Champions OGC Nice 2
91%
Ligue Europa OGC Nice 5
91%
Ligue Conférence OGC Nice 1
91%
Coupe des Coupes OGC Nice 1
91%
Coupe des Villes de Foires OGC Nice 1
91%
Coupe Intertoto OGC Nice 3
91%
Ligue des Champions RC Strasbourg 1
88%
Ligue Europa RC Strasbourg 2
88%
Coupe des Coupes RC Strasbourg 1
88%
Coupe des Villes de Foires RC Strasbourg 3
88%
Coupe Intertoto RC Strasbourg 3
88%
Ligue des Champions Stade de Reims 4
88%
Ligue des Champions Montpellier HSC 1
86%
Ligue Europa Montpellier HSC 2
86%
Coupe des Coupes Montpellier HSC 1
86%
Coupe Intertoto Montpellier HSC 2
86%
Ligue des Champions AJ Auxerre 3
85%
Ligue Europa AJ Auxerre 13
85%
Coupe des Coupes AJ Auxerre 1
85%
Coupe Intertoto AJ Auxerre 4
85%
Ligue Europa FC Metz 4
79%
Coupe des Coupes FC Metz 2
79%
Coupe Intertoto FC Metz 2
79%
Ligue Europa En Avant de Guingamp 2
67%
Coupe Intertoto En Avant de Guingamp 2
67%
Ligue Europa FC Sochaux Montbéliard 7
66%
Coupe Intertoto FC Sochaux-Montbéliard 1
66%
Ligue Europa SC Bastia 2
64%
Coupe des Coupes SC Bastia 2
64%
Coupe Intertoto SC Bastia 3
64%
Ligue Europa SCO Angers 1
63%
Ligue Europa AS Nancy Lorraine 2
60%
Coupe des Coupes AS Nancy Lorraine 1
60%
Coupe Intertoto AS Nancy Lorraine 1
60%
Coupe Intertoto Stade Malherbe Caen 1
59%
Coupe Intertoto ES Troyes AC 2
57%
Ligue Europa Nîmes Olympique 2
57%
Coupe des Coupes Nîmes Olympique 1
57%
Coupe Intertoto FC Rouen 1
42%
Ligue Europa AS Cannes 2
40%
Coupe Intertoto AS Cannes 1
40%
Coupe des Coupes CS Sedan Ardennes 1
39%
Coupe Intertoto CS Sedan Ardennes 1
39%
Ligue Europa Stade Lavallois 1
33%
Coupe des Villes de Foires Racing Club de France 1
7%
Coupe Intertoto Racing Club de France 1
7%
Coupe des Villes de Foires Stade Français 2
6%
Aucun quiz correspondant
Distribution des résultats
% des personnes avec chaque résultat
Percentile par nombre de réponses
Votre historique - résultats
Vous n’avez pas pris ce quiz